|
|
|
|
| LEADER |
00000nab a2200000 a 4500 |
| 001 |
vtls000800204 |
| 003 |
SK-MaSNL |
| 005 |
20260304215649.0 |
| 008 |
250429c1999 xo 0 slo |
| 015 |
|
|
|a SNBRB2002/07-23752
|
| 035 |
|
|
|a CLN000151859
|
| 035 |
|
|
|a urn:nbn:sk:snk-ab6ybj
|
| 035 |
|
|
|a (uuid)cde33b5b-ec2b-4cd9-b661-7ceb965dea9d
|
| 035 |
|
|
|a (urnnbn)urn:nbn:sk:snk:ar-a069jy
|
| 035 |
|
|
|a (sysno)vtls000800204
|
| 040 |
|
|
|a SNKBUCL
|b slo
|c SNKBUCL
|e AACR2
|
| 041 |
0 |
|
|a slo
|
| 044 |
|
|
|a xo
|c SK
|
| 080 |
|
|
|a 618.63:37.048
|2 1997
|
| 100 |
1 |
|
|a Haľamová, Viera,
|d 1928-
|4 aut
|9 27179
|
| 245 |
1 |
0 |
|a Poradňa dojčenia
|c Viera Haľamová
|
| 300 |
|
|
|b Obr.
|
| 650 |
0 |
7 |
|a dojčenie
|2 snkbucl
|9 3802
|
| 655 |
|
7 |
|a články z novín a časopisov
|2 snkbucl
|9 267496
|
| 773 |
0 |
|
|t Dieťa nielen pre rodičov
|g Roč. 5, č. 4 (1999), s. 42-44
|x 1335-0919
|
| 850 |
|
|
|a Slovenská národná knižnica
|
| 852 |
|
|
|a Slovenská národná knižnica
|
| 954 |
|
|
|a odborná, vedecká literatúra pôvodná (slovenská)
|2 lita
|
| 958 |
|
|
|a article27
|
| 958 |
|
|
|a MI
|
| 958 |
|
|
|a OND
|
| 958 |
|
|
|a EUIPO
|
| 999 |
|
|
|c 3147639
|d 3149569
|